[Event "Budapest zt-A"]
[Site "Budapest"]
[Date "1993.??.??"]
[Round "11"]
[White "Gdanski, Jacek"]
[Black "Adorjan, Andras"]
[Result "1-0"]
[WhiteElo "2480"]
[BlackElo "2545"]
[PlyCount "103"]
[EventDate "1993.03.??"]
[Source "ChessBase"]

1. e4 c5 2. Nc3 e6 3. Nge2 Nf6 4. g3 Nc6 5. Bg2 d6 6. O-O Be7 7. d3 O-O 8. f4 Bd7 9. Kh1 Rc8 10. Be3 e5 11. f5 Nd4 12. h3 b5 13. g4 b4 14. Nd5 Nxd5 15. exd5 Bg5 16. Bxg5 Qxg5 17. Ng3 Qe7 18. c3 Nb5 19. Qd2 f6 20. cxb4 c4 21. Rfc1 cxd3 22. Qxd3 Nd4 23. Qd2 Rb8 24. Rc7 Nb5 25. Rc4 Nd4 26. Rac1 Rb7 27. Rc7 Rfb8 28. Rxb7 Rxb7 29. Ne2 Nxe2 30. Qxe2 g6 31. Qe4 Kg7 32. b3 Qd8 33. a4 Qb6 34. b5 a6 35. bxa6 Qxa6 36. Rc3 Qa5 37. Rg3 Qd2 38. Qe3 Qxe3 39. Rxe3 gxf5 40. gxf5 Bxf5 41. Bf1 Bc2 42. Bc4 f5 43. a5 Kf6 44. a6 Ra7 45. b4 f4 46. Re2 Bd1 47. Ra2 e4 48. b5 e3 49. b6 Rg7 50. b7 Bf3+ 51. Kh2 e2 52. Rxe2 1-0

[Event "Rishon Le Ziyyon"]
[Site "Rishon Le Ziyyon"]
[Date "1992.??.??"]
[Round "10"]
[White "Djuric, Stefan"]
[Black "Zilberman, Yaacov"]
[Result "1/2-1/2"]
[WhiteElo "2535"]
[BlackElo "2490"]
[PlyCount "40"]
[EventDate "1992.??.??"]
[Source "ChessBase"]

1. e4 c5 2. Nc3 Nc6 3. Nge2 g6 4. g3 Bg7 5. Bg2 d6 6. O-O e6 7. d3 Nge7 8. Bg5 O-O 9. Qd2 Rb8 10. Bh6 Bxh6 11. Qxh6 b5 12. Qd2 e5 13. Nd5 Nxd5 14. exd5 Nd4 15. Nxd4 cxd4 16. Rac1 Bf5 17. h3 Qb6 18. c4 dxc3 19. bxc3 Rbc8 20. Rb1 a6 1/2-1/2

[Event "St Petersburg op"]
[Site "St Petersburg"]
[Date "1994.??.??"]
[Round "5"]
[White "Lukin, Andrei M"]
[Black "Sveshnikov, Evgeny"]
[Result "1/2-1/2"]
[WhiteElo "2440"]
[BlackElo "2585"]
[PlyCount "90"]
[EventDate "1994.02.??"]
[Source "ChessBase"]

1. e4 c5 2. Nc3 Nc6 3. g3 e6 4. Bg2 Nf6 5. f4 d5 6. e5 Nd7 7. Nf3 Be7 8. O-O O-O 9. d3 Rb8 10. Kh1 b5 11. Ne2 b4 12. g4 f6 13. exf6 Nxf6 14. h3 Bd6 15. a3 bxa3 16. Rxa3 c4 17. Ra1 cxd3 18. cxd3 Qb6 19. Ng3 Ne8 20. Qe2 Qc7 21. Ra4 Bd7 22. Ng5 Nd8 23. Ra1 Bxf4 24. Bxf4 Rxf4 25. Nh5 Rxf1+ 26. Rxf1 Qd6 27. Qf2 Qe7 28. Qxa7 Rxb2 29. Qe3 Qb4 30. Nf3 Nf7 31. Nf4 Qd6 32. Re1 Rb4 33. Nxe6 Bxe6 34. Qxe6 Qxe6 35. Rxe6 Kf8 36. Rc6 Rb3 37. d4 Rd3 38. Rc5 Rd1+ 39. Kh2 Nf6 40. g5 Ne4 41. Rxd5 Ke7 42. Ra5 Nfd6 43. Ra7+ Kf8 44. h4 Nf5 45. Ne5 Ned6 1/2-1/2

[Event "Vienna Open"]
[Site "Vienna AUT"]
[Date "1991.??.??"]
[Round "3"]
[White "Murey, Jacob I"]
[Black "Psakhis, Lev B"]
[Result "1/2-1/2"]
[WhiteElo "2450"]
[BlackElo "2575"]
[PlyCount "102"]
[EventDate "1991.10.??"]
[Source "www.chesslib.no"]
[SourceDate "2004.05.04"]

1. e4 c5 2. Nc3 d6 3. g3 Nc6 4. Bg2 g6 5. Nge2 Bg7 6. O-O e6 7. a3 Nge7 8. Rb1 O-O 9. b4 b6 10. b5 Nd4 11. Nxd4 cxd4 12. Ne2 e5 13. d3 Be6 14. Bd2 Qd7 15. f4 Rac8 16. c4 dxc3 17. Bxc3 Bg4 18. Bb4 exf4 19. gxf4 Qxb5 20. f5 Bxe2 21. Qxe2 Qe5 22. Bh3 Rc7 23. Kh1 Nc6 24. Be1 Nd4 25. Qg4 Rc2 26. Bg3 Qe7 27. Rf2 Be5 28. Rbf1 Bxg3 29. Qxg3 Qe5 30. Qe3 Rxf2 31. Rxf2 f6 32. fxg6 hxg6 33. Qh6 Qg5 34. Qxg5 fxg5 35. Kg2 Rf7 36. a4 Kg7 37. a5 b5 38. Rb2 Kf6 39. Bc8 Rf8 40. Ba6 Rb8 41. Rb4 Ke5 42. Kg3 Nc6 43. Rxb5+ Rxb5 44. Bxb5 Nxa5 45. Kg4 Kf6 46. d4 Nb3 47. e5+ dxe5 48. dxe5+ Kxe5 49. Kxg5 Nd4 50. Ba6 Nf3+ 51. Kxg6 Nxh2 1/2-1/2

[Event "Chalapathi GM"]
[Site "Guntur, AP"]
[Date "2000.04.06"]
[Round "4"]
[White "Saravanan, Venkat"]
[Black "Shariyazdanov, Andrey"]
[Result "0-1"]
[WhiteElo "2412"]
[BlackElo "2612"]
[PlyCount "54"]
[EventDate "2000.04.03"]
[Source "ChessBase"]
[SourceDate "2000.07.27"]

1. e4 c5 2. Nc3 Nc6 3. g3 g6 4. Bg2 Bg7 5. d3 e6 6. Be3 d6 7. f4 Nge7 8. Nf3 Nd4 9. O-O O-O 10. Bf2 Bd7 11. Rb1 Bc6 12. Ne2 e5 13. c3 Ne6 14. Nh4 exf4 15. gxf4 f5 16. Qb3 Qd7 17. Rbe1 Kh8 18. exf5 gxf5 19. Be3 Bf6 20. Nf3 Rg8 21. c4 Ng6 22. Kf2 Qg7 23. Rg1 Bxb2 24. Bh3 Bxf3 25. Kxf3 Nd4+ 26. Nxd4 Bxd4 27. Bxf5 Bxe3 0-1

[Event "Mario Covas 3rd"]
[Site "Santos"]
[Date "2003.04.22"]
[Round "1"]
[White "Zapata, Alonso"]
[Black "Rodriguez, Andres"]
[Result "1/2-1/2"]
[WhiteElo "2543"]
[BlackElo "2479"]
[PlyCount "93"]
[EventDate "2003.04.22"]
[Source "ChessBase"]
[SourceDate "2003.07.25"]

1. e4 c5 2. Nc3 e6 3. g3 Nc6 4. Bg2 Nf6 5. f4 d5 6. e5 d4 7. exf6 dxc3 8. fxg7 cxd2+ 9. Qxd2 Bxg7 10. c3 Qc7 11. Nf3 O-O 12. O-O Bd7 13. Qf2 Ne7 14. Ng5 Rad8 15. Qc2 Ng6 16. Be3 Bc8 17. h4 f5 18. Qe2 b6 19. Rae1 Rd6 20. Bc1 Rfd8 21. Qc4 h6 22. Nf3 Qf7 23. Re2 Kh7 24. g4 Rd1 25. g5 Rxf1+ 26. Bxf1 Rd1 27. h5 Rxc1 28. Rg2 Qb7 29. hxg6+ Kg8 30. Qd3 Qd5 31. Qe3 Qd1 32. Nh2 Rc2 33. Rxc2 Qxc2 34. Bc4 Qd1+ 35. Kf2 Qd6 36. Nf3 Kf8 37. gxh6 Bxh6 38. Ne5 Ke7 39. Be2 Bg7 40. Qg3 Bb7 41. Qh4+ Kf8 42. Nf7 Qd5 43. Qd8+ Qxd8 44. Nxd8 Bd5 45. c4 Ke7 46. cxd5 Kxd8 47. dxe6 1/2-1/2

[Event "Oberwart Open"]
[Site "Oberwart AUT"]
[Date "1995.??.??"]
[Round "6"]
[White "Rogulj, Branko"]
[Black "Eingorn, Vereslav S"]
[Result "1/2-1/2"]
[WhiteElo "2425"]
[BlackElo "2595"]
[PlyCount "138"]
[EventDate "1995.07.??"]
[Source "www.chesslib.no"]
[SourceDate "2004.05.04"]

1. e4 c5 2. Nc3 e6 3. g3 Nc6 4. Bg2 g6 5. d3 Bg7 6. Be3 d6 7. f4 Nge7 8. Nf3 Nd4 9. O-O Bd7 10. e5 Nef5 11. Bf2 d5 12. Nd2 h5 13. Ne2 Nxe2+ 14. Qxe2 Bf8 15. Nf3 Bc6 16. c3 d4 17. cxd4 cxd4 18. Ng5 Bxg2 19. Kxg2 Be7 20. Ne4 Qd5 21. Rfc1 Kd7 22. Qc2 Rhc8 23. Qa4+ Rc6 24. Rxc6 Qxc6 25. Qxc6+ bxc6 26. Rc1 Rb8 27. Rc2 Rb5 28. h3 c5 29. g4 Nh6 30. Kf3 Ng8 31. b3 f5 32. exf6 Nxf6 33. Nxf6+ Bxf6 34. Be1 Be7 35. gxh5 gxh5 36. Rg2 Rb6 37. Rg6 Rd6 38. Rg7 Ke8 39. b4 Ra6 40. bxc5 Rxa2 41. c6 Rc2 42. Rg8+ Kf7 43. Rc8 Bc5 44. Ba5 Bb6 45. Bb4 Bc5 46. Bxc5 Rxc5 47. Ke4 Ke7 48. Kxd4 Rd5+ 49. Ke4 Kd6 50. d4 Rf5 51. c7 Rf7 52. Rh8 Rxc7 53. Rxh5 Rc3 54. Rh6 Ke7 55. f5 exf5+ 56. Kxf5 a5 57. h4 a4 58. Ra6 a3 59. h5 Rf3+ 60. Kg5 Rg3+ 61. Kf5 Rf3+ 62. Kg6 Rg3+ 63. Kh7 Rd3 64. h6 Rg3 65. d5 Kd7 66. Kh8 Ke7 67. Re6+ Kd7 68. Re2 Kd6 69. Rd2 Rg5 1/2-1/2

[Event "CAN Ch Open"]
[Site "Calgary CAN"]
[Date "1996.??.??"]
[Round "10"]
[White "Day, Lawrence A"]
[Black "Smirin, Ilia"]
[Result "1/2-1/2"]
[WhiteElo "2400"]
[BlackElo "2615"]
[PlyCount "114"]
[EventDate "1996.??.??"]
[Source "www.chesslib.no"]
[SourceDate "2004.05.04"]

1. e4 c5 2. Nc3 Nc6 3. g3 g6 4. Bg2 Bg7 5. d3 e5 6. Nh3 Nge7 7. O-O d6 8. f4 Nd4 9. f5 gxf5 10. Ng5 h6 11. exf5 hxg5 12. f6 Bf8 13. fxe7 Bxe7 14. Nd5 Be6 15. c3 Nc6 16. Qa4 Kf8 17. Be3 Kg7 18. d4 cxd4 19. cxd4 f6 20. Rad1 Bxd5 21. Bxd5 Qb6 22. Bf2 Qc7 23. dxe5 dxe5 24. Qg4 Rad8 25. h4 Qd7 26. Be6 Qe8 27. hxg5 fxg5 28. Rxd8 Nxd8 29. Bd5 Rf8 30. Rd1 Nc6 31. Be3 Qg6 32. Be4 Qf6 33. Kg2 Nd4 34. Rh1 Nf5 35. Bxa7 Nd4 36. Bxd4 exd4 37. Rh7+ Kg8 38. Qe2 Rf7 39. Rxf7 Kxf7 40. Qc4+ Kg7 41. Bxb7 Qb6 42. Be4 Qxb2+ 43. Kh3 Qf2 44. Qd5 Kf6 45. Qc6+ Ke5 46. Qd5+ Kf6 47. a4 Qf1+ 48. Kg4 Qe2+ 49. Bf3 Qe6+ 50. Qxe6+ Kxe6 51. a5 Kf6 52. a6 Bc5 53. Be4 d3 54. Bxd3 Ba7 55. Kh5 Be3 56. Kh6 Ke5 57. Kg6 Kd6 1/2-1/2

[Event "Bundesliga 9899"]
[Site "Germany"]
[Date "1999.02.21"]
[Round "11.3"]
[White "King, Daniel J"]
[Black "Georgiev, Vladimir"]
[Result "0-1"]
[WhiteElo "2506"]
[BlackElo "2508"]
[PlyCount "96"]
[EventDate "1998.10.17"]
[Source "ChessBase"]
[SourceDate "1999.07.01"]

1. e4 c5 2. Nc3 Nc6 3. g3 g6 4. Bg2 Bg7 5. d3 Rb8 6. Nf3 Nf6 7. O-O O-O 8. Bf4 d6 9. Qd2 b5 10. Bh6 b4 11. Nd1 e5 12. Bxg7 Kxg7 13. Ne3 Nh5 14. c3 bxc3 15. bxc3 Ba6 16. Ng4 Kh8 17. Qh6 f6 18. Nh4 Qe8 19. f4 Ne7 20. fxe5 dxe5 21. Rf3 Rd8 22. Raf1 Bxd3 23. Re1 Bc4 24. Qe3 Qc6 25. a3 Be6 26. Nf2 Ng7 27. g4 g5 28. Nf5 Ngxf5 29. gxf5 Bf7 30. Nd3 c4 31. Nf2 Qb6 32. Qxb6 axb6 33. Ng4 Bh5 34. Rg3 Rd3 35. Rxd3 cxd3 36. h3 Rc8 37. Rd1 Rxc3 38. Bf1 Rxa3 39. Bxd3 Nc6 40. Rc1 Bxg4 41. hxg4 Nd4 42. Rc8+ Kg7 43. Bc4 Rg3+ 44. Kf2 Rxg4 45. Rc7+ Kh6 46. Bd5 Rf4+ 47. Kg2 g4 48. Rf7 Ne2 0-1

[Event "JUG Ch"]
[Site "JUG"]
[Date "1988.??.??"]
[Round "?"]
[White "Abramovic, Bosko"]
[Black "Velimirovic, Dragoljub"]
[Result "1-0"]
[WhiteElo "2460"]
[BlackElo "2550"]
[PlyCount "83"]
[EventDate "1988.02.??"]
[Source "www.chesslib.no"]
[SourceDate "2004.05.04"]

1. e4 c5 2. Nc3 Nc6 3. g3 Nf6 4. Bg2 e6 5. f4 d5 6. d3 Be7 7. e5 Ng8 8. Nf3 h5 9. h3 Nh6 10. Ne2 Nf5 11. c3 b5 12. d4 Qb6 13. g4 hxg4 14. hxg4 Rxh1+ 15. Bxh1 Nh6 16. Nh2 b4 17. Be3 Ba6 18. Bf3 Rc8 19. Kf2 Na5 20. cxb4 Qxb4 21. b3 c4 22. Nf1 Qb6 23. Nfg3 cxb3 24. axb3 Rb8 25. g5 Ng8 26. f5 Nxb3 27. Rb1 Bc4 28. f6 gxf6 29. gxf6 Nxf6 30. exf6 Bxf6 31. Qh1 Ke7 32. Nh5 Rh8 33. Qh2 Bxe2 34. Bxe2 a5 35. Qf4 Rxh5 36. Bxh5 a4 37. Bd1 Qa7 38. Rb2 Qb6 39. Rc2 Bxd4 40. Rc7+ Kd8 41. Rxf7 Bxe3+ 42. Qxe3 1-0

[Event "ISR-chT"]
[Site "?"]
[Date "2003.??.??"]
[Round "3"]
[White "Murey Jacob"]
[Black "Gofshtein Leonid D"]
[Result "1/2-1/2"]
[WhiteElo "2490"]
[BlackElo "2519"]
[PlyCount "83"]
[EventDate "2003.??.??"]
[Source "www.chesslib.no"]
[SourceDate "2004.05.04"]

1. e4 c5 2. Nc3 Nc6 3. g3 g6 4. Bg2 Bg7 5. Nge2 Rb8 6. O-O b5 7. a3 d6 8. d3 Nf6 9. f4 Bd7 10. h3 a5 11. Be3 b4 12. axb4 axb4 13. Na4 O-O 14. c4 bxc3 15. bxc3 Na5 16. Ra3 Qc7 17. c4 Rb3 18. Ra2 Nxc4 19. Bf2 Ra3 20. Rxa3 Nxa3 21. e5 Ne8 22. Nec3 Nb5 23. Nd5 Qd8 24. Nxc5 dxe5 25. Nb7 Qb8 26. Nxe7+ Kh8 27. Nc5 Qd8 28. Nxd7 Qxd7 29. Nd5 exf4 30. Nxf4 Nec7 31. Qa4 Bd4 32. Qc4 Qd6 33. Kh2 Bxf2 34. Rxf2 Nd4 35. Nd5 Nce6 36. Qc3 Qe5 37. Rf1 Rd8 38. Re1 Nf3+ 39. Bxf3 Qxc3 40. Nxc3 Rxd3 41. Bg4 Rxc3 42. Bxe6 1/2-1/2

[Event "Mind Sports Games - Rapid Ind"]
[Site "Pechino CINA"]
[Date "2008.10.06"]
[Round "4"]
[White "Livshits, G."]
[Black "Fier, A."]
[Result "0-1"]
[WhiteElo "2427"]
[BlackElo "2581"]
[PlyCount "108"]
[EventDate "2008.10.05"]
[Source "www.chesslib.no"]
[SourceDate "2004.05.04"]

1. e4 c5 2. Nc3 e6 3. g3 Nc6 4. Bg2 Nf6 5. f4 d5 6. e5 Nd7 7. Nf3 Rb8 8. O-O b5 9. d3 b4 10. Ne2 h5 11. c4 bxc3 12. bxc3 g6 13. Be3 Ba6 14. Qd2 Qb6 15. Rac1 Qb2 16. Rc2 Qa3 17. h3 Bb5 18. Rb2 Qa6 19. Rd1 c4 20. Ned4 Ba4 21. Rdb1 Rxb2 22. Rxb2 Ba3 23. Nxc6 Bxc6 24. Rb1 cxd3 25. Nd4 Ke7 26. c4 Rc8 27. Nxc6+ Rxc6 28. cxd5 Rc2 29. d6+ Kf8 30. Bb7 Rxd2 31. Bxa6 Bc5 32. Bxc5 Nxc5 33. Bc4 Kg7 34. Kf1 a6 35. Rb8 Rd1+ 36. Kf2 d2 37. Be2 Rc1 38. Ke3 d1=Q 39. Bxd1 Rxd1 40. Rc8 Rd3+ 41. Ke2 Rd5 42. h4 f6 43. Rc7+ Kh6 44. exf6 Ne4 45. f7 Kg7 46. d7 Nf6 47. Rc6 Kxf7 48. Rxa6 Nxd7 49. a4 Kf6 50. a5 Rd4 51. Ra8 Ra4 52. a6 Nb6 53. Rf8+ Kg7 54. Re8 Kf7 0-1

[Event "Deutschland"]
[Site "?"]
[Date "1999.03.21"]
[Round "8.1"]
[White "Bastian Herbert"]
[Black "Dautov Rustem"]
[Result "1/2-1/2"]
[WhiteElo "2409"]
[BlackElo "2598"]
[PlyCount "62"]
[EventDate "1999.??.??"]
[Source "www.chesslib.no"]
[SourceDate "2004.05.04"]

1. e4 c5 2. Nc3 Nc6 3. g3 g6 4. Bg2 Bg7 5. d3 e6 6. h4 Nf6 7. Nh3 d6 8. Bg5 h6 9. Be3 e5 10. f3 d5 11. exd5 Nxd5 12. Nxd5 Qxd5 13. Nf2 b6 14. Ne4 Bb7 15. O-O f5 16. Nc3 Qf7 17. a4 Rd8 18. a5 f4 19. gxf4 exf4 20. Bf2 O-O 21. axb6 axb6 22. Ne4 Nd4 23. Re1 Nf5 24. c3 Qd5 25. Ra7 Rf7 26. Qc1 Qxd3 27. Qxf4 Nd6 28. Qg3 Nxe4 29. fxe4 Qxg3 30. Bxg3 Re8 31. Bf1 Rf3 1/2-1/2

[Event "Munich"]
[Site "Munich"]
[Date "1989.??.??"]
[Round "?"]
[White "Bischoff, Klaus"]
[Black "Groszpeter, Attila"]
[Result "1/2-1/2"]
[WhiteElo "2505"]
[BlackElo "2500"]
[PlyCount "43"]
[EventDate "1989.04.??"]
[Source "ChessBase"]

1. e4 c5 2. Nc3 Nc6 3. g3 g6 4. Bg2 Bg7 5. d3 e6 6. Nge2 Nge7 7. O-O O-O 8. Bg5 h6 9. Be3 Nd4 10. Qd2 Kh7 11. Rab1 a5 12. Bxd4 cxd4 13. Nb5 Qb6 14. a4 d5 15. exd5 Nxd5 16. c3 dxc3 17. bxc3 Bd7 18. Nf4 Nxf4 19. Qxf4 Rad8 20. d4 e5 21. dxe5 Qc5 22. Rfe1 1/2-1/2

[Event "Oberwart op"]
[Site "?"]
[Date "1996.??.??"]
[Round "6"]
[White "Murey Jacob"]
[Black "Groszpeter Attila"]
[Result "0-1"]
[WhiteElo "2460"]
[BlackElo "2545"]
[PlyCount "100"]
[EventDate "1996.??.??"]
[Source "www.chesslib.no"]
[SourceDate "2004.05.04"]

1. e4 c5 2. Nc3 Nc6 3. g3 g6 4. Bg2 Bg7 5. Nge2 e6 6. O-O Nge7 7. a3 d6 8. Rb1 b6 9. b4 Bb7 10. d3 O-O 11. Bg5 Qd7 12. Qd2 Rac8 13. Na2 Nd4 14. c3 Nxe2+ 15. Qxe2 Rfe8 16. b5 f6 17. Bd2 d5 18. Rfd1 Rcd8 19. Be1 f5 20. c4 Bd4 21. Bd2 fxe4 22. dxe4 Rf8 23. Be3 Bxe3 24. Qxe3 d4 25. Qg5 Nc8 26. Rbc1 Nd6 27. Qg4 Qf7 28. Rc2 e5 29. Qe2 Bc8 30. Rd3 Be6 31. Rf3 Qe7 32. Rxf8+ Qxf8 33. Nc1 Nxc4 34. Nd3 Qg7 35. f4 Ne3 36. Nxe5 Nxc2 37. Qxc2 c4 38. Qd2 d3 39. Bf3 Qe7 40. Kg2 Qc5 41. Qc3 Qd4 42. Qb4 c3 43. Qe7 Qd6 44. Qg5 c2 45. f5 c1=Q 46. Qxc1 Qxe5 47. fxe6 Qxe6 48. Qg5 Rf8 49. Qd2 Qc4 50. Qg5 Qa2+ 0-1

[Event "Israel semifinal"]
[Site "Ramat Aviv"]
[Date "2000.08.21"]
[Round "5"]
[White "Finkel, Alexander"]
[Black "Mikhalevski, Victor"]
[Result "1-0"]
[WhiteElo "2467"]
[BlackElo "2537"]
[PlyCount "81"]
[EventDate "2000.08.16"]
[Source "ChessBase"]
[SourceDate "2000.10.18"]

1. e4 c5 2. Nc3 Nc6 3. g3 g6 4. Bg2 Bg7 5. d3 e6 6. h4 h5 7. Be3 d6 8. Nf3 Nh6 9. O-O Ng4 10. Bg5 Qa5 11. Nd2 Nd4 12. Ne2 Qc7 13. c3 Nc6 14. Nf3 Nf6 15. Rc1 b6 16. b4 Bb7 17. Qd2 Rc8 18. a3 O-O 19. Nh2 Ne5 20. Bxf6 Bxf6 21. f4 Nd7 22. f5 exf5 23. exf5 Bxg2 24. Kxg2 Qc6+ 25. Kh3 Rce8 26. Nf4 Ne5 27. c4 Bg7 28. Nd5 Kh7 29. Nf3 Nxf3 30. Rxf3 Re5 31. Rcf1 Rfe8 32. R1f2 Rxd5 33. b5 Qb7 34. cxd5 Qxd5 35. Kg2 Re5 36. Qa2 Rxf5 37. Qxd5 Rxd5 38. Rxf7 Kh6 39. R2f3 Re5 40. Rxa7 Re2+ 41. Rf2 1-0

[Event "Camp. olandese"]
[Site "Hilversum OLA"]
[Date "2008.04.12"]
[Round "10"]
[White "Visser, Y."]
[Black "Reinderman, D."]
[Result "1/2-1/2"]
[WhiteElo "2477"]
[BlackElo "2526"]
[PlyCount "52"]
[EventDate "2008.04.02"]
[Source "www.chesslib.no"]
[SourceDate "2004.05.04"]

1. e4 c5 2. Nc3 Nc6 3. g3 g6 4. Bg2 Bg7 5. Nge2 e5 6. Nd5 Nge7 7. Nec3 d6 8. h4 h5 9. d3 O-O 10. Nxe7+ Nxe7 11. Be3 Be6 12. Qd2 Rc8 13. Nd5 Nxd5 14. exd5 Bd7 15. O-O f5 16. Bg5 Bf6 17. f4 Qe7 18. Rae1 Rfe8 19. c4 Qg7 20. Bxf6 Qxf6 21. Qc3 Kf7 22. Bf3 b5 23. b3 b4 24. Qb2 a5 25. Re2 Re7 26. Rfe1 Rce8 1/2-1/2

[Event "CSR-ch"]
[Site "Trencianske Teplice"]
[Date "1979.??.??"]
[Round "12"]
[White "Barczay, Laszlo"]
[Black "Uhlmann, Wolfgang"]
[Result "1-0"]
[WhiteElo "2470"]
[BlackElo "2530"]
[PlyCount "99"]
[EventDate "1979.11.??"]
[Source "ChessBase"]

1. g3 g6 2. Bg2 Bg7 3. e4 c5 4. Nc3 Nc6 5. d3 e6 6. Be3 Nd4 7. Nce2 d5 8. c3 Nxe2 9. Nxe2 dxe4 10. Bxc5 exd3 11. Nf4 d2+ 12. Qxd2 Qxd2+ 13. Kxd2 Nf6 14. Rad1 Nd7 15. Bd6 Be5 16. Bxe5 Nxe5 17. Rhe1 Nd7 18. Kc1 Rb8 19. b3 Nf6 20. Nd3 Ke7 21. Ne5 h5 22. h4 Bd7 23. Rd4 Rhc8 24. Kb2 Be8 25. Bh3 Rc5 26. b4 Rd5 27. Nxg6+ fxg6 28. Rxe6+ Kf7 29. Rxf6+ Kxf6 30. Rxd5 Bf7 31. Rd6+ Ke5 32. Rd7 Be8 33. Re7+ Kf6 34. Re6+ Kf7 35. Re3 Rd8 36. Be6+ Kf8 37. Kc2 Ba4+ 38. Bb3 Bd7 39. Kc1 Bf5 40. Bc2 Kf7 41. Bxf5 gxf5 42. Kc2 Kf6 43. Rd3 Re8 44. Rd6+ Ke5 45. Rd7 Ke4 46. Rd4+ Ke5 47. Rd7 Re6 48. Rxb7 Ke4 49. Rxa7 Kf3 50. Rg7 1-0

[Event "Biel op"]
[Site "Biel"]
[Date "1992.??.??"]
[Round "6"]
[White "Sokolov, Andrei"]
[Black "Vehi Bach, Victor Manuel"]
[Result "1/2-1/2"]
[WhiteElo "2605"]
[BlackElo "2390"]
[PlyCount "80"]
[EventDate "1992.07.??"]
[Source "ChessBase"]

1. e4 c5 2. Nc3 d6 3. g3 Nc6 4. Bg2 g6 5. Nge2 Bg7 6. O-O Rb8 7. Nd5 e6 8. Ne3 Nge7 9. c3 d5 10. d3 O-O 11. Rb1 d4 12. cxd4 cxd4 13. Nc4 b5 14. Nd2 e5 15. f4 Qd6 16. Nf3 f6 17. Bd2 Be6 18. a3 Kh8 19. b4 a5 20. fxe5 fxe5 21. Ng5 Bg8 22. Rxf8 Rxf8 23. bxa5 Qxa3 24. Rxb5 Qxd3 25. Rb7 Nxa5 26. Nc1 Qa3 27. Bxa5 Qxa5 28. Rxe7 Bf6 29. Nxh7 Bxh7 30. Rb7 Qa1 31. Rc7 Bg5 32. h4 Bh6 33. Kh2 Qa5 34. Qc2 Bg7 35. Nd3 Bg8 36. Qc6 Rf7 37. Rc8 Kh7 38. Qc1 Qa6 39. Qc2 Qd6 40. Rc6 Qe7 1/2-1/2

[Event "JUG-ch"]
[Site "Tivat"]
[Date "1994.??.??"]
[Round "12"]
[White "Lazic, Miroljub"]
[Black "Velimirovic, Dragoljub"]
[Result "1/2-1/2"]
[WhiteElo "2505"]
[BlackElo "2490"]
[PlyCount "106"]
[EventDate "1994.03.??"]
[Source "ChessBase"]

1. g3 g6 2. Bg2 Bg7 3. e4 c5 4. d3 Nc6 5. Nc3 Rb8 6. Be3 b5 7. Qd2 b4 8. Nd1 d6 9. f4 e5 10. Nf3 exf4 11. Bxf4 Nge7 12. Bh6 O-O 13. O-O Bxh6 14. Qxh6 f6 15. Ne3 Be6 16. Bh3 Qd7 17. Bxe6+ Qxe6 18. Rf2 Rf7 19. Raf1 Rbf8 20. Nc4 Nc8 21. b3 Nb6 22. Ne3 d5 23. exd5 Nxd5 24. Nc4 Nd4 25. Nxd4 cxd4 26. Qh4 Nc3 27. Nd2 g5 28. Qh6 Ne2+ 29. Kg2 Qd5+ 30. Ne4 Nc3 31. Rf5 Qa8 32. Re1 Re8 33. Kf3 Nxe4 34. Rxe4 Rxe4 35. dxe4 Qc6 36. Rd5 Rf8 37. Rxd4 Qxc2 38. Rd7 g4+ 39. Kxg4 Qxe4+ 40. Qf4 Qe2+ 41. Kh3 Qh5+ 42. Qh4 Qxh4+ 43. Kxh4 Rf7 44. Rxf7 Kxf7 45. Kh5 Kg7 46. Kg4 Kg6 47. Kf4 f5 48. g4 fxg4 49. Kxg4 Kf6 50. Kh5 Kf7 51. Kh6 Kg8 52. Kh5 Kg7 53. Kg5 Kf7 1/2-1/2

[Event "Monarch Assurance op 11th"]
[Site "Port Erin"]
[Date "2002.10.03"]
[Round "6"]
[White "Ledger, Andrew"]
[Black "Neverov, Valeriy"]
[Result "0-1"]
[WhiteElo "2408"]
[BlackElo "2587"]
[PlyCount "72"]
[EventDate "2002.09.28"]
[Source "ChessBase"]
[SourceDate "2002.11.06"]

1. e4 c5 2. Nc3 Nc6 3. g3 g6 4. d3 Bg7 5. Be3 d6 6. Qd2 Rb8 7. Bg2 b5 8. Nge2 b4 9. Nd1 Bg4 10. f3 Bd7 11. O-O Nd4 12. Nc1 Ba4 13. Nb3 Qc7 14. f4 Nh6 15. h3 f5 16. Bf2 O-O 17. Ne3 e6 18. Kh2 Bc6 19. Bg1 Kh8 20. Rae1 Ng8 21. Nc1 fxe4 22. dxe4 Nf6 23. Nd1 Bb5 24. Rf2 e5 25. c3 exf4 26. gxf4 Ne6 27. f5 Nh5 28. Bf3 Be5+ 29. Kh1 Ng3+ 30. Kg2 gxf5 31. exf5 Nxf5 32. Rxe5 dxe5 33. Be4 Rbd8 34. Qxd8 Rxd8 35. Bxf5 Bc6+ 36. Be4 Qg7+ 0-1

[Event "Lenk Open"]
[Site "Lenk SUI"]
[Date "1991.??.??"]
[Round "6"]
[White "Donev, Ivo H"]
[Black "Balashov, Yuri S"]
[Result "1/2-1/2"]
[WhiteElo "2415"]
[BlackElo "2580"]
[PlyCount "49"]
[EventDate "1991.06.??"]
[Source "www.chesslib.no"]
[SourceDate "2004.05.04"]

1. e4 c5 2. Nc3 Nc6 3. g3 g6 4. Bg2 Bg7 5. d3 e6 6. Be3 d6 7. f4 Nge7 8. Nf3 Nd4 9. O-O Bd7 10. e5 Nef5 11. Bf2 h5 12. Ne4 Bc6 13. Nfg5 dxe5 14. fxe5 Bxe5 15. c3 Nb5 16. Bxc5 Bd6 17. Nxd6+ Nbxd6 18. Bxc6+ bxc6 19. Qf3 Qc7 20. Ne4 Nb7 21. Nf6+ Kd8 22. Ba3 Rc8 23. Qe4 Qa5 24. Rae1 Rc7 25. Qf4 1/2-1/2

[Event "Pinamar Masters 2nd"]
[Site "Pinamar"]
[Date "2002.03.22"]
[Round "3"]
[White "Rodriguez, Andres"]
[Black "Sunye Neto, Jaime"]
[Result "1-0"]
[WhiteElo "2460"]
[BlackElo "2531"]
[PlyCount "89"]
[EventDate "2002.03.21"]
[Source "ChessBase"]
[SourceDate "2002.03.21"]

1. e4 c5 2. Nc3 Nc6 3. g3 e6 4. Bg2 g6 5. d3 Bg7 6. Be3 Nd4 7. Qd2 Qa5 8. f4 Ne7 9. Nh3 d6 10. O-O f5 11. Kh1 Bd7 12. a3 Qc7 13. Rae1 O-O 14. Nd1 Rae8 15. c3 Ndc6 16. b4 b6 17. Ng5 Nd8 18. Bg1 h6 19. Nf3 Nf7 20. Ne3 Bc6 21. bxc5 bxc5 22. exf5 exf5 23. d4 Be4 24. Qa2 Kh7 25. Qc4 Qa5 26. Qb3 Qa6 27. Rd1 Qc6 28. h4 d5 29. dxc5 Rb8 30. Qa2 Bxc3 31. Nd4 Qd7 32. a4 Rb2 33. Qa3 Bxd4 34. Rxd4 Rfb8 35. Rf2 Rb1 36. Qa2 Rc1 37. Rd1 Rxd1 38. Nxd1 Nc6 39. Nc3 Nb4 40. Qb3 Nd8 41. Rd2 Ndc6 42. Nxe4 fxe4 43. Bxe4 Qh3+ 44. Rh2 Qf1 45. h5 1-0

[Event "GMA Baleares Open"]
[Site "Palma de Majorca ESP"]
[Date "1989.??.??"]
[Round "3"]
[White "Abramovic, Bosko"]
[Black "Cvitan, Ognjen"]
[Result "1/2-1/2"]
[WhiteElo "2465"]
[BlackElo "2525"]
[PlyCount "86"]
[EventDate "1989.12.??"]
[Source "www.chesslib.no"]
[SourceDate "2004.05.04"]

1. e4 c5 2. Nc3 Nc6 3. g3 g6 4. d3 Bg7 5. Be3 Nd4 6. Qd2 Qa5 7. Bg2 d6 8. Rc1 Rb8 9. a3 b5 10. Nd1 Qxd2+ 11. Bxd2 Nf6 12. Ne2 Nxe2 13. Kxe2 O-O 14. b4 Nd7 15. Bc3 Bb7 16. Bxg7 Kxg7 17. Ne3 Rfc8 18. Kd2 a5 19. c3 Ra8 20. Ra1 f5 21. exf5 Bxg2 22. Nxg2 gxf5 23. Ne3 e6 24. Rhg1 axb4 25. axb4 cxb4 26. cxb4 Ne5 27. Ke2 Nc6 28. Nc2 Kf6 29. d4 e5 30. dxe5+ dxe5 31. f4 exf4 32. gxf4 Re8+ 33. Kf3 Red8 34. Rxa8 Rxa8 35. Rd1 Ke6 36. Ke3 Ra4 37. Rb1 Kf6 38. Kd3 Ra8 39. Re1 Rd8+ 40. Kc3 Rc8 41. Kb3 Rd8 42. Kc3 Rc8 43. Kb3 Rd8 1/2-1/2

[Event "Cappelle op"]
[Site "Cappelle la Grande"]
[Date "1997.??.??"]
[Round "2"]
[White "Ledger, Andrew"]
[Black "Sakaev, Konstantin"]
[Result "1/2-1/2"]
[WhiteElo "2410"]
[BlackElo "2580"]
[PlyCount "50"]
[EventDate "1997.02.15"]
[Source "ChessBase"]

1. e4 c5 2. Nc3 Nc6 3. g3 g6 4. d3 Bg7 5. Be3 d6 6. Qd2 Rb8 7. Bg2 b5 8. Nge2 b4 9. Nd1 Qc7 10. O-O Nd4 11. Nc1 Nf6 12. c3 Nc6 13. Bh6 O-O 14. Bxg7 Kxg7 15. Ne3 bxc3 16. bxc3 Ba6 17. f4 Qb6 18. Rf2 e6 19. Nb3 Nd7 20. f5 Nce5 21. c4 Qb4 22. Qc2 Bb7 23. Raf1 a5 24. Bh3 a4 25. Nc1 exf5 1/2-1/2